[Event "Czerniak Memorial 15th"]
[Site "Tel Aviv"]
[Date "1999.04.04"]
[Round "5"]
[White "Kantsler, Boris"]
[Black "Blees, Albert"]
[Result "1/2-1/2"]
[WhiteElo "2539"]
[BlackElo "2431"]
[Annotator "Ribli,Z"]
[PlyCount "171"]
[EventDate "1999.03.??"]
[EventType "tourn"]
[EventRounds "9"]
[EventCountry "ISR"]
[EventCategory "10"]
[SourceTitle "CBM 071"]
[Source "ChessBase"]
[SourceDate "1999.08.01"]
[SourceVersion "1"]
[SourceVersionDate "1999.08.01"]
[SourceQuality "1"]

{[%mdl 4352]} 1. Nf3 Nf6 2. c4 c5 3. Nc3 Nc6 4. g3 g6 5. Bg2 Bg7 6. d4 {
Ich denke, das ist eine genaue Zugfolge für Weiß. Nach 6.0-0 kann Schwarz 6...
d5 spielen. Ribli.} cxd4 {Statt dieses Zuges kann Schwarz auch 6...d6 ziehen,
aber 7.dxc5 dxc5 8.Qxd8+ ist dann für Weiß vorteilhaft.} 7. Nxd4 O-O 8. O-O
Nxd4 (8... Ng4 {Dieser Zug ist in letzter Zeit beliebt. Schwarz öffnet die
Diagonale des Läufers g7 und spielt gegen das Feld d4.}) (8... d6 9. Nxc6 bxc6
10. Bxc6 Rb8 $44 {Das aktive Figurenspiel am Damenflügel kompensiert den
schwarzen Minusbauern.}) 9. Qxd4 d6 10. Qd3 {Jetzt oder später muß die Dame d4
räumen, denn die Gegenüberstellung mit dem Läuer g7 ist unangenehm.} Rb8 11.
Bd2 a6 {Mit diesem Zug bereitet Schwarz eventuelles ...b7-b5 vor.} 12. Rac1 {
[%csl Yd5] In dieser Variante hat Weiß immer Raumvorteil und freies Spiel. Das
Feld d5 ist eine positionelle Schwäche im Lager des Schwarzen.} Nd7 {[%cal
Gd7c5,Gd7e5] Ein typisches Springermanöver. Der Springer strebt nach c5 und
öffnet die Diagonale des Läufers g7.} (12... b5 13. cxb5 (13. b3) 13... axb5
14. Nxb5 Bf5 15. e4 Nxe4 16. Bxe4 Bxe4 17. Qxe4 Rxb5 $13) 13. b3 b5 (13... Nc5
14. Qe3 (14. Qb1 b5 15. cxb5 axb5 16. Nd5 Bb7 17. Bg5 Bxd5 18. Bxd5 Qd7 19. b4
Ne6 20. Be3 Nd4 21. Qd3 Qf5 {Uhlmann,W-Smejkal,J/Arandjelovac 1976/Inf 21 (21)}
) (14. Qc2 b5 15. b4 Ne6 16. cxb5 axb5 17. Qd3 Nd4 18. Be3 Bf5 19. Qd2 e5 20.
Bg5 Qb6 21. Nd5 Qa6 22. e3 Ne6 23. Be7 Rfe8 24. e4 Bg4 25. h3 Bh5 26. g4 Nf4
27. Bg5 {1-0 Espig,L-Wall,G/Berlin 1994/EXT 97 (27)}) 14... b5 (14... Bd7 15.
Nd5 Ne6 16. Qb6 Nd4 17. Rfe1 Qxb6 18. Nxb6 Bg4 19. Kf1 Nc6 20. b4 {1-0
Panchenko,A-Dominguez Matito,A/Badalona 1997/EXT 99 (29)}) 15. Nd5 Be6 16. Bc3
(16. Rfd1 Bxd5 17. cxd5 (17. Bxd5 b4 $10) 17... b4 $1 18. Bh3 a5 19. Rc4 Rb5
20. Rdc1 Qb8 {1/2-1/2 Georgiev,K-Gdanski,J/Budapest 1993/CBM 34/[Ribli] (29)})
(16. Nb4 $5) 16... Bxc3 {1/2-1/2 Bany,J-Schmidt,W/Poznan 1984/MCD (16)}) 14.
cxb5 axb5 15. Nd5 {[%csl Gd5][%cal Gd5b4,Gb4c6,Gc6d8,Gc6b8] Ein guter
positioneller Zug. Weiß beabsichtigt Nb4. Dort legt er den Bauern b5 fest und
nimmt das Feld c6 ins Visier.} (15. Nxb5 $2 Ne5 $19 {[%csl Rb5,Rd3]}) 15... Nc5
(15... Ne5 16. Qe3 Bb7 17. Nb4 Bxg2 18. Kxg2 Qd7 19. Rc2 Rfc8 20. Rfc1 Rxc2 21.
Rxc2 h5 {1/2-1/2 Anic,D-Spiridonov,N/Montpellier 1991/TD (56)}) 16. Qe3 Be6 (
16... e6 $6 {Dieser Zug gefällt mir nicht, denn er schwächt die Bauernstruktur.
} 17. Nb4 $14 Bb7 18. Nc6 Bxc6 19. Bxc6 Qb6 20. Bg2 Qa6 21. Rc2 b4 22. Rfc1 Rb5
23. Qf4 Be5 24. Qh4 Ra5 25. Bh6 {.... 1/2-1/2 Velickovic,Z-Bukic,E/Portoroz
1994/TD (71)}) 17. Nb4 {[%csl Yc6][%cal Rb4c6,Rc6d8,Rc6b8]} (17. Rfd1) 17...
Qd7 18. Bc3 $1 {Weiß tauscht den aktiven schwarzen Läufer in der langen
Diagonalen.} Bxc3 19. Rxc3 Rbc8 20. Rfc1 $14 {[%csl Gb4,Gg2][%cal Gg2a8]} Rc7 (
20... Bh3 $2 21. Nd5 $18 {[%cal Rd5e7,Re7g8,Re7c8,Rd5b6,Rb6d7,Rb6c8]} (21. Bxh3
Qxh3 22. Nd5 $18)) 21. Qd4 Rfc8 (21... Bh3 22. Nd5 $16 {[%csl Gd5][%cal Gb3b4]}
) 22. h4 $1 {[%cal Gh4h5] Ein typischer Zug, den Schwarz mit ...h7-h5
beantworten muß. Ohne den Fianchettoläufer wird aber die schwarze
Königsstellung schwach. Kantsler spielt diese Phase der Partie ausgezeichnet.}
h5 23. Kh2 {Weiß verhindert ...Be6-h3.} Qe8 24. e4 {Weiß beabsichtigt 25.e5,
aber gibt Schwarz eine unerwartete taktische Möglichkeit.} (24. R1c2 $14) 24...
Qf8 {[%cal Gf8g7,Gg7a1]} (24... Bxb3 $5 25. axb3 Nxb3 {[%cal Rb3d4,Rc8c1]} 26.
Rxb3 (26. Rxc7 $2 Rxc7 $19 {[%cal Rb3d4,Rb3c1,Rc7c1]}) 26... Rxc1 $13) 25. Bf1
{[%cal Rf1b5]} Rb7 (25... Bxb3 26. axb3 Nxb3 27. Rxb3 Rxc1 28. Bxb5 $14) 26. e5
$1 Re8 (26... dxe5 $2 27. Qe3 $1 $18 {[%csl Rc5][%cal Rc1c8]} (27. Qxe5 $2 Nd7
28. Rxc8 Nxe5 29. Rxf8+ Kxf8 30. Rc5 $14)) 27. Bg2 {[%cal Rg2b7]} Rb6 28. Nc6 (
28. exd6 exd6 {[%csl Rd6]}) 28... Nd7 29. exd6 exd6 30. Rd1 {[%csl Rd6] Der
d6-Bauer ist schwach und Schwarz hat Probleme mit der Figurenkoordination.} d5
31. Nb4 $16 {Weiß nimmt den d5-Bauern nicht sofort, was auch zu seinem Vorteil
gewesen wäre, sondern verbessert erstmal seine Figurenstellung. Schwarz kann
nicht den Bauern halten.} (31. Bxd5 Bxd5 32. Qxd5 Nf6 33. Qf3 Ng4+ 34. Kg2 $16)
31... Rd6 32. Re3 {[%csl Gd4] Die weiße Dame steht ausgezeichnet, blockiert
den d5-Bauern und beherrscht das Brett.} (32. a4 $16) 32... Rc8 33. Rc3 Rxc3 (
33... Re8 34. a4 $16) 34. Qxc3 d4 $5 {Schwarz gibt seinen d-Bauern freiwillig
und kommt zu einigen Gegenchancen.} (34... Nb6 35. Qd4 $16) 35. Rxd4 Ne5 {
[%cal Ge5g4,Gg4h2]} 36. Qd2 (36. Rxd6 Ng4+ 37. Kg1 Qxd6 {[%csl Gd6,Gg4]}) 36...
Ng4+ 37. Kg1 Rxd4 38. Qxd4 Qc8 {[%cal Gc8c1]} 39. Nc6 (39. Bc6 $142 $5 {
[%csl Rb5][%cal Rc6b5]} Qb8 (39... Kh7 40. Bxb5 Qc1+ 41. Kg2 $18) 40. Na6 $18)
39... Kh7 40. Qd8 (40. Qc5 $16) 40... Qa6 {[%cal Ra6a2] Schwarz muß die Damen
auf dem Brett behalten.} (40... Qxd8 41. Nxd8 $18 {[%csl Re6]}) 41. Qd2 Qc8 42.
Qd8 (42. Nd4 Bd7 $16 43. Bd5 $6 Nf6 44. Bxf7 Kg7 {[%csl Rf7]} 45. Bxg6 Kxg6 46.
Nxb5 $14) 42... Qa6 43. Qd2 Qc8 44. Qf4 (44. Qd8 {Nach diesem Zug könnte
Schwarz dreimalige Stellungswiederholung reklamieren.}) 44... Kg7 45. a4 bxa4 (
45... Qa6 46. axb5 Qxb5 47. Nd4 $16) (45... Bxb3 $6 46. axb5 $18 {[%csl Gb5]})
46. bxa4 {[%csl Ga4] Der entfernte weiße a-Freibauer bietet gute Gewinnchancen.
} Qa6 47. Bf3 (47. Qd4+ Nf6 48. a5 $16 {[%csl Ga5]}) 47... Bd7 (47... Nf6 48.
Ne5 $16 (48. a5 {Wenn Weiß a4-a5 spielt, muß er dies genau berechnen, denn der
Bauer könnte dort schwach sein.} Bd7 49. Ne5 Qxa5 50. Bxh5 Qe1+ 51. Kh2 Bf5
$132)) 48. Ne5 {[%cal Rf4f7]} Be8 $8 (48... Nxe5 49. Qxe5+ Kf8 50. a5 $18 {
[%csl Ga5] Weiß hat eine technische Gewinnstellung.}) 49. Nxg4 (49. Bxg4 hxg4
50. Nxg4 Bxa4 $16 {Weiß hat wegen des Mehrbauern noch Chancen zumal der
Springer hier besser als der Läufer ist, aber wegen des reduzierten Materials
kann sich Schwarz vielleicht retten.}) 49... hxg4 50. Qd4+ (50. Bd1) 50... Kh7
51. Bd1 (51. Bxg4 Qxa4 $14) 51... Bc6 52. Bb3 $6 {[%cal Rb3f7] Weiß strebt
nach Aktivitäet. Ich denke er hätte den g-Bauern nehmen können.} (52. Qxg4 $5
Qa5 53. Kf1 Qd2 54. Qe2 Qd5 55. Qc2 $16) 52... Qa5 {[%cal Ra5e1,Re1g1]} 53. Kf1
Qf5 {[%cal Gf5b1] So verteidigt Schwary beide Bauern - f7 und g4.} 54. Qc4 {
[%cal Rc4f7,Rc4c6]} Qb1+ (54... Qf6 55. Ke1 $16 (55. Qxf7+ Qxf7 56. Bxf7 Bxa4
$11 {Der weiße Vorteil ist nur theoretisch. Schwarz kann mit ...Kh6 nebst ...
g5 die Partie retten.})) 55. Ke2 Qb2+ 56. Ke3 (56. Qc2 Qe5+) 56... Qe5+ 57. Kd3
Qf5+ 58. Kc3 Qe5+ {Die schwarze Dame ist aktiv und es ist daher für Weiß nicht
einfach, seinen Vorteil zu verwerten.} 59. Qd4 (59. Kb4 Qe7+ 60. Qc5 Qe1+)
59... Qe1+ 60. Kb2 Qe2+ 61. Ka3 (61. Bc2 $5) 61... Qe7+ 62. Ka2 (62. Qb4 Qf6
$16) 62... Qe2+ 63. Qb2 Qa6 {[%csl Ra4]} 64. Qf6 {[%csl Rf7]} Qb7 65. Bxf7 (65.
Ka3 Bd5 66. Bxd5 Qxd5 {Wir haben eine ähnliche Stellung wie in der Partie,
aber Schwarz besitzt noch seinen f-Bauern.}) 65... Bd5+ 66. Bxd5 Qxd5+ 67. Ka3
(67. Kb2 Qd2+ 68. Ka3 Qd3+) 67... Qd3+ 68. Kb4 Qe4+ (68... Qd2+ 69. Qc3 Qxf2
70. a5 $16) 69. Kb5 Qd5+ {Weiß besitzt schon zwei Mehrbauern, aber der Gewinn
ist nicht einfach, wenn überhaupt möglich.} 70. Kb6 (70. Ka6 Qa8+ 71. Kb5)
70... Qb3+ 71. Kc7 (71. Ka5 Qd5+) 71... Qxa4 $14 72. Qe7+ Kh6 73. Qe3+ Kh7 74.
Kd6 Qa6+ 75. Kd7 Qb7+ 76. Kd8 Qb8+ 77. Ke7 Qb5 (77... Qc7+ 78. Kf6 Qd6+ 79. Qe6
Qd4+ 80. Kg5 Qc5+ 81. Kxg4 Qxf2 $14) 78. Qf4 Qc5+ 79. Kf6 Qa5 80. Qd4 (80. Qxg4
Qb6+ {[%cal Rb6f6,Rb6f2]} 81. Kg5 (81. Ke7 Qxf2 $14) 81... Qd8+ (81... Qxf2 82.
Qd7+ Kg8 83. Qe8+ $18) 82. Kf4 Qd4+ 83. Kf3 (83. Kg5 $4 Qe5+ $19) 83... Qd1+)
80... Qf5+ 81. Ke7 Qc2 82. Qf4 (82. Qxg4 Qxf2 $14 {Diese Stellung ist
theoretisch remis.}) 82... Qc6 83. Qf7+ (83. Qxg4 Qc5+ {[%cal Rc5e7,Rc5f2]} 84.
Kf7 Qxf2+) 83... Kh6 84. Qf8+ Kh7 85. Qf7+ Kh6 86. Qf8+ {Hier mußte sich Weiß
trotz seines Mehrbauern mit dem Remis abfinden.} 1/2-1/2

[Event "Donetzk zt"]
[Site "Donetsk"]
[Date "1998.11.03"]
[Round "2"]
[White "Romanishin, Oleg M"]
[Black "Neverov, Valeriy"]
[Result "1/2-1/2"]
[WhiteElo "2600"]
[BlackElo "2515"]
[Annotator "Ribli,Z"]
[PlyCount "61"]
[EventDate "1998.11.02"]
[EventType "swiss"]
[EventRounds "11"]
[EventCountry "UKR"]
[SourceTitle "CBM 068"]
[Source "ChessBase"]
[SourceDate "1999.02.01"]
[SourceVersion "1"]
[SourceVersionDate "1999.02.01"]
[SourceQuality "1"]

1. Nf3 Nf6 2. c4 g6 3. Nc3 Bg7 4. g3 O-O 5. Bg2 c5 (5... d6 6. d4 {Das ist die
Grundstellung der g3-Variante in der Königsindischen Verteidigung. Ribli.}) 6.
O-O Nc6 7. d4 cxd4 (7... d6) 8. Nxd4 Nxd4 9. Qxd4 d6 10. Qd3 {Ein Schlüsselzug
für Weiß. Die Dame muß jetzt oder später das Feld d4 räumen. In unserer
Partiestellung kontrolliert Weiß mehr Raum, sein g2-Läufer ist stark und d5
ist ein eventueller Vorposten für den Springer. Trotzdem ist die schwarze
Stellung fest.} Be6 {Schwarz spielt eine scharfe Fortsetzung. Üblicher sind
die Alternativen 10...a6, 10...Bf5 oder 10...Nd7.} 11. Bd2 (11. Bxb7 $5 Rb8 12.
Bg2 Qa5 $44 {[%csl Ga5,Gb8,Rc4,Ge6][%cal Gf8c8,Gc8c4] Schwarz hat lebendiges
Figurenspiel und gute halboffene b- und c-Linien für seine Türme.} 13. b3 Rxb3
14. axb3 Qxa1 15. Bd2 Qa6 16. Nb5 Rb8 $13) 11... Qc8 {[%cal Rc8c4,Gc8h3]} (
11... Nd7 {[%cal Rd7e5,Re5d3,Re5c4]} 12. b3 Rb8 13. Rac1 a6 14. a4 Qb6 15. Qb1
Rfc8 $11) 12. b3 (12. Nd5 Re8 (12... Nxd5 $6 13. cxd5 Bh3 14. Rac1 Qd7 15. Bxh3
Qxh3 16. Rc7 $16 {[%csl Gc7]})) 12... Bh3 {[#]Es ist notwendig für Schwarz,
den starken weißen Läufer zu tauschen.} 13. Rad1 $146 {Das ist eine gute Idee
Romanishins von der Theorie abzuweichen. Nach 13.Rac1 spielte Neverov spielte
zwei Partien - mit Weiß und mit Schwarz.} (13. Rac1 Bxg2 14. Kxg2 e6 (14... Rd8
15. Rfd1 Rd7 16. e4 Ng4 17. Qe2 Ne5 18. f4 Nc6 19. Be3 b6 20. h4 Qb7 21. h5 e6
22. Qf3 Re8 23. Rd2 a6 24. Na4 {1/2-1/2 Marin,M-Lupu,M/Manresa 1996/EXT 98 (24)
}) 15. Rfd1 Rd8 16. Bg5 Rd7 17. Qf3 (17. Bxf6 Bxf6 18. Qf3 Bxc3 19. Rxc3 Qc5
20. Qf6 Rc8 21. Rf3 b5 22. Rd4 Qb6 23. Rh4 bxc4 24. bxc4 Qd8 25. Qd4 Qg5 26.
Qb2 Qe5 27. Qd2 Rb7 28. Rb3 Rcb8 29. Qh6 Qg7 30. Qe3 Qe5 31. Qxe5 dxe5 32. Rxb7
Rxb7 33. c5 {1-0 Jirovsky,M-Neverov,V/Lazne Bohdanec 1996/CBM 51 (49)}) 17...
Ne8 18. Rd3 Qc6 19. e4 Rc8 20. a4 b6 21. Be3 Qb7 22. Bd4 Bxd4 23. Rxd4 a6 {
1/2-1/2 Neverov,V-Dvoirys,S/St.Petersburg 1995/CBM 46 ext (31)}) 13... Bxg2 14.
Kxg2 a6 {Die schwarze Drohung ist, 15...b5 16.axb5 Qb7 nebst 17...axb5 zu
spielen.} 15. a4 $14 {Weiß kontrolliert mehr Raum und hat die etwas aktivere
Stellung. Schwarz hat keine besonderen Schwächen, aber auch kein aktives
Gegenspiel.} (15. e4 $5) 15... b6 {Gegen den eventuellen Bauernvorstoß 16.a5
gerichtet und zur Vorbereitung von ...Qb7.} 16. Bg5 {Weiß möchte 17.Bxf6 Bxf6
18.Nd5 spielen und Schwarz hätte Probleme mit dem f6-Läufer und seinen Bauern
e7 und b6.} (16. e4 Qb7 17. f3 $14) 16... Qb7+ 17. Kg1 (17. Qf3 Qxf3+ 18. Kxf3
Rab8 19. Bxf6 Bxf6 20. Nd5 Kg7 21. Rd3 Rfc8 $11) (17. e4) 17... Rfe8 {[%cal
Gf6d7,Gd7c5] Schwarz verteidigt seinen Bauern e7 und bereitet das
Springermanöver ...Nf6-d7-c5 vor.} 18. Rc1 {Der Turm steht natürlicher auf c1.
Der andere Turm kann jetzt nach d1.} Nd7 {[%cal Gd7c5,Gc5b3,Gc5d3]} 19. Be3 (
19. Nd5 Nc5 20. Qb1 (20. Qe3 f6 $17 {[%csl Rg5]} (20... e6 $6 21. Nf6+ Bxf6 22.
Bxf6 $16 {[%csl Gf6,Rg8][%cal Gf6h8]})) 20... h6 21. Be3 e6 $15) 19... Nc5 {
[%csl Gc5]} 20. Qb1 (20. Bxc5 $6 bxc5 $15 {[%csl Rb3,Gb7][%cal Gg7a1] Schwarz
hat bequemes Spiel, denn der Bauer b3 ist eine dauerhafte Schwäche.}) 20...
Rec8 21. Rfd1 Bxc3 $1 $11 {Es ist eine psychologisch schwierige Entscheidung,
den Läufer abzugeben. Aber in unserer konkreten Stellung kann Schwarz so den
Ausgleichszug ...b6-b5 durchsetzen.} 22. Rxc3 Ne4 23. Rcc1 b5 24. Rd4 {[%csl
Re4]} (24. axb5 axb5 25. cxb5 $2 Nc3 $17 {[%cal Rc3b1,Rc3d1]}) 24... Nc5 (24...
f5 $6 {Mit diesem Zug, der mir nicht gefällt, schwächt Schwarz seine
Königsstellung.} 25. cxb5 axb5 26. Rb4) 25. cxb5 axb5 26. Rb4 {[%cal Gb4b7]} (
26. axb5 Ra5 {[%csl Rb3,Rb5]} (26... Qxb5 27. Rdc4 Rab8 (27... Rcb8 28. b4 (28.
Bxc5 dxc5 29. Rxc5 Qxe2 $11 (29... Qxb3 $2 30. Rc8+ $1 {Das ist ein typisches
Motiv: Der schwarze Turm ist überlastet.} Rxc8 31. Rxc8+ Rxc8 32. Qxb3 $18))
28... Ne6 $11) 28. b4 Re8 $11) 27. Rb4 (27. b4 Rxb5 {[%cal Gb7b1]} 28. Rdc4 Rb8
29. Bxc5 dxc5 30. Rxc5 Rxb4 $11) 27... Rxb5 $11) 26... Ra5 27. Qc2 (27. axb5
Rxb5 $11) 27... Qd7 {Schwarz entfesselt den b-Bauern.} 28. axb5 Rxb5 29. Rxb5
Qxb5 {[%csl Rb3] Schwarz hat die bessere Bauernstruktur,aber Weiß kann im
Remissinne vereinfachen.} 30. Qc4 Rb8 31. Bxc5 {Und in gleicher Stellung wurde
remis vereinbart.} (31. Bxc5 dxc5 32. Qxb5 (32. Qxc5 Qxc5 (32... Qxe2 33. b4
$14 {[%csl Gb4]}) 33. Rxc5 Rxb3 $11) 32... Rxb5 33. Rc3 $11) 1/2-1/2

[Event "Platonov Memorial"]
[Site "Kiev"]
[Date "1995.??.??"]
[Round "8"]
[White "Mochalov, Evgeny Veniaminovic"]
[Black "Ostojic, Nikola"]
[Result "1-0"]
[WhiteElo "2470"]
[BlackElo "2455"]
[Annotator "Ribli,Z"]
[PlyCount "149"]
[EventDate "1995.??.??"]
[EventType "tourn"]
[EventRounds "13"]
[EventCountry "UKR"]
[EventCategory "10"]
[SourceTitle "CBM 051"]
[Source "ChessBase"]
[SourceDate "1996.04.01"]
[SourceVersion "1"]
[SourceVersionDate "1996.04.01"]
[SourceQuality "1"]

1. Nf3 Nf6 2. g3 c5 3. Bg2 Nc6 4. O-O g6 5. c4 Bg7 6. d4 cxd4 7. Nxd4 O-O 8.
Nc3 Ng4 9. e3 d6 10. b3 Nge5 (10... a6 11. Bb2 Nxd4 12. exd4 Rb8 13. Re1 Nh6
14. Nd5 e6 15. Ne3 b5 16. Qe2 bxc4 17. Nxc4 d5 18. Ne5 Bb7 19. g4 $1 $36 {
Timman,J-Khalifman,A/Amsterdam Donner/1995/CBM49/INF64,45/}) 11. Bb2 (11. Nde2
Bg4 12. f3 Bd7 13. h3 Nb4 14. a3 Nbd3 15. Bd2 a5 16. Rb1 Nc5 $13 {Nikolic,
Pr-Anand,V/Wijk/1989/CBM11/}) 11... Bg4 12. Qd2 $146 {Weiss probiert eine sehr
ungewoenhliche Idee zu spielen. Er gibt seinen g2-Laeufer auf und er hat keine
Angst vor seiner geschwaechsten Koenigstellung.} (12. f3 Bd7 13. Qd2 a6 14.
Nde2 Rb8 15. Rad1 Qa5 16. h3 f5 17. f4 Nf7 18. a3 $14 {Smejkal,J-Honfi,K/CSSR/
1968/INF05,70/}) 12... Nxd4 13. exd4 Nf3+ 14. Bxf3 Bxf3 15. Qe3 Bc6 $6 {
Dieser Zug fuehrt nur zur Tempoverlust, weil Schwarz die h1-c6 Diagonale fuer
seinen Laeufer nicht halten kann.} (15... Bg4 $5) 16. d5 Bd7 17. Nd1 $1 {
Eine wichtige Entscheidung, Weiss tauscht den schwarzfeldrigen Laeufer um die
schwarze Koeingstellung zu schwaechen.} Bxb2 (17... e5 18. dxe6 Bxe6 (18...
fxe6 19. Bxg7 Kxg7 20. Nc3 $14 {>< d6,e6}) 19. Bxg7 Kxg7 20. Nc3 $14 {>< d6})
18. Nxb2 e6 19. dxe6 fxe6 $6 (19... Bxe6 $5 {Schwarzer Lauefer braucht mehr
Freihet.}) 20. c5 $1 {[#] Der Anziehende spielt ein schoenes, positionelles
Bauernopfer.} dxc5 21. Nd3 b6 22. Ne5 $44 {[#] Der Riesenspringer auf e5 stark
behindert die Moeglichkeit der schwarzen Figuren.} Qe7 (22... Qc7 {/\ Bc6}) 23.
Rfe1 Rae8 24. Rad1 Bc8 25. h4 Qg7 (25... Bb7 $4 26. Rd7 $18) 26. Rd6 Bb7 27.
Rd7 Re7 28. Red1 Bc8 (28... Bd5 $2 29. Rxe7 Qxe7 30. Nxg6 $1 hxg6 31. Rxd5 $14
{Die schwarze g6- und e6-Bauern sind sehr schwaech.}) 29. R7d6 Bb7 30. Rd7 Ba8
$2 {Zu optimistisch. Warum nicht 30...Bc8 31.Rd6 Bb7 und sehr fragwuerdig ob
Weiss seine Stellung verstaerken kann oder er muss die Zuege wiederholen.} (
30... Bc8 $1) 31. Qg5 $1 {Der Nachziehende kann die 7-ten Reihe nicht mehr
halten.} Rxd7 (31... Rfe8 $4 32. Rxe7 Qxe7 33. Qxe7 Rxe7 34. Rd8+ Kg7 35. Rxa8
$18) 32. Rxd7 Qf6 33. Qxf6 Rxf6 34. Rxa7 $16 {Weiss hat den Bauern schon
zurueckgewonnen und die schwarze Stellung bleibt weiterhin passiv.} Bd5 35. Ra6
(35. Rc7 $5 Rf8 36. Nd7 Ra8 37. Nf6+ $1 (37. Nxb6 Rxa2 38. Nxd5 exd5 39. Rxc5
Rb2 40. Rxd5 Rxb3 {Remis}) 37... Kf8 38. Nxh7+ Ke8 39. Nf6+ Kd8 40. Nxd5 exd5
41. Rc6 $16) 35... b5 36. Ra5 c4 37. Rxb5 cxb3 38. axb3 Rf8 $1 39. b4 Rc8 40.
Rc5 Ra8 41. Rc1 Rb8 42. Rb1 {Im Endspiel soll der Turm hinter den Freibauern
stehen, wie jetzt.} Rb5 $1 {Sonst maschiert der b-Bauer.} 43. f4 Kg7 44. Kf2 h6
45. Rb2 g5 $1 {Der Nachziehende will das Material reduzieren um die
Remischancen zu erhoeen.} 46. hxg5 hxg5 47. Ke3 Kf6 48. Nd3 gxf4+ 49. gxf4 Kf5
(49... Bc4 50. Kd4 Bxd3 51. Kxd3 Ke7 (51... Rf5 $2 52. b5 Rxf4 53. b6 $18) (
51... Kf5 52. Kc4 Rb8 53. Rf2 Rc8+ 54. Kb5 Rb8+ 55. Kc5 Rc8+ 56. Kd6 Rb8 57.
Rb2 Rb5 $1 58. Kc6 Rb8 59. b5 Kxf4 60. Kc7 Rh8 61. b6 e5 62. b7 e4 $10) 52. Kc4
Rf5 53. Rf2 Kd6 $10) 50. Rh2 $1 Bc4 51. Rh5+ $2 (51. Ne5 $1 Rxb4 (51... Bd5 52.
Rh5+ Kf6 53. Rh7 $18 {Wie die Partie.}) 52. Rh5+ $1 Kf6 53. Rh7 $18) 51... Kf6
$2 (51... Kg6 $1) 52. Ne5 $1 {[#] Mit diesem feinen Zug gewinnt der Anziehende
einiges wichtige Tempi, das ist im Endspiel sehr wichtig.} Bd5 (52... Rxb4 $4
53. Rh7 $18) 53. Rh7 Rb7 54. Rxb7 Bxb7 55. b5 {Weiss soll sehr genau spielen
sonst tauscht Schwarz seinen e6-Bauern fuer den f4-Bauern und die Stellung
wird Remis.} Bd5 56. Nc6 Bc4 57. b6 Ba6 58. Nb4 Bb7 59. Kd4 Kf5 60. Nd3 Ba8 61.
Ke3 Kf6 62. Nc5 Bd5 63. Ne4+ Kf5 64. Nd6+ Kf6 65. Kd4 Ba8 66. Nc4 Kf5 67. Ke3
Kf6 68. Kf2 $1 {Endlich hat der Anziehende den richtige Plan gefunden.} Kf5 69.
Kg3 Bc6 70. Nd6+ Kf6 71. Kg4 e5 72. f5 e4 73. b7 Bxb7 74. Nxb7 e3 75. Nc5 {
Ribli} 1-0